|
|
|
|
| LEADER |
00000nab a2200000 a 4500 |
| 001 |
vtls000656662 |
| 003 |
SK-MaSNL |
| 005 |
20260304102257.0 |
| 008 |
250426c1998 xo 0 slo |
| 015 |
|
|
|a SNBRA1998/03-08190
|
| 035 |
|
|
|a CLN000008854
|
| 035 |
|
|
|a urn:nbn:sk:snk-abhut
|
| 035 |
|
|
|a (urnnbn)urn:nbn:sk:snk:ar-003e9y
|
| 035 |
|
|
|a (uuid)d4c2c5f9-d038-4d1e-a06d-8b83d950c736
|
| 040 |
|
|
|a SNKBUCL
|b slo
|c SNKBUCL
|e AACR2
|
| 041 |
0 |
|
|a slo
|
| 044 |
|
|
|a xo
|c SK
|
| 080 |
|
|
|a 347.453.3
|2 1997
|
| 245 |
0 |
0 |
|a K otázke pretransformovania práva osobného užívania bytu na nájom bytu
|b judikáty a stanoviská Najvyššieho súdu SR
|
| 650 |
0 |
7 |
|a užívanie bytu osobné
|x nájom bytový
|x výklady
|2 snkbucl
|9 1399002
|
| 650 |
0 |
7 |
|a nájom bytu
|x užívanie bytu osobné
|x výklady
|2 snkbucl
|9 1399003
|
| 655 |
|
7 |
|a články z novín a časopisov
|2 snkbucl
|9 267496
|
| 773 |
0 |
|
|t Justičná revue
|g Roč. 50, č. 2 (1998), s. 68-72
|
| 850 |
|
|
|a Slovenská národná knižnica
|
| 852 |
|
|
|a Slovenská národná knižnica
|
| 954 |
|
|
|a odborná, vedecká literatúra pôvodná (slovenská)
|2 lita
|
| 958 |
|
|
|a article27
|
| 958 |
|
|
|a OND
|
| 958 |
|
|
|a SK
|
| 958 |
|
|
|a EUIPO
|
| 992 |
|
|
|a RBX
|
| 999 |
|
|
|c 2844530
|d 2846460
|